000 00477nam a22001697a 4500
005 20180206122405.0
008 160428b xxu||||| |||| 00| 0 eng d
020 _a81-7656318-8
041 _aeng
082 _b00465
_a005.36
100 _aJain, Madhulika and others
_94099
245 _a"O"-Level Made Simple module-2: personal computer software (Vol-2)
260 _aNew Delhi
_bBPB Publishing,
_c2002
300 _a484
650 _aInformation Technology
_9137
942 _cBK
999 _c140
_d140